000 00790nam a2200217Ii 4500
003 JO-AjNU
008 230605s9999||||xx |||||||||||||| ||und||
017 _a2000/19201
040 _aJO-AjNU
_bara
_erda
_cJO-AjNU
041 _aara
050 1 4 _a19121
100 3 _aفوزي او صديق,
_eauthor
_944309
245 0 0 _aالوسيط في النظم السياسية والقانون الدستوري : دراسة مقارنة ، القسم الثاني :النظرية العامة للدساتير
250 _a(د،ط)
264 3 1 _aالقاهرة : دار الكتاب الحديث ،2001
300 _a378ص
336 _atext
_btxt
_2rdacontent
337 _aunmediated
_bn
_2rdamedia
338 _avolume
_bnc
_2rdacarrier
650 4 _aالقانون الدستوري
_944310
999 _aA19121
_c22689
_d22689